| 000 | 00757cam a22002651 4500 | ||
|---|---|---|---|
| 001 | 6551992 | ||
| 003 | PILC | ||
| 005 | 20160105131531.0 | ||
| 008 | 760510s1960 nyu 000 0 eng | ||
| 010 | _a 60004205 | ||
| 035 | _a(OCoLC)2166071 | ||
| 040 |
_aDLC _cOYU _dOCoLC _dDLC |
||
| 042 | _apremarc | ||
| 050 | 0 | 0 |
_aRA 643 _b.A5 1975 |
| 082 | _a614.4 | ||
| 110 | 2 | _aAmerican Public Health Association. | |
| 245 | 1 | 0 | _aControl of communicable diseases in man / |
| 250 | _a13th edition. | ||
| 260 |
_aWashington, DC : _bAmerican Public Health Association, _c1975. |
||
| 300 |
_a443 pages ; _c20 cm. |
||
| 500 | _aIncludes index. | ||
| 650 | 0 | _aCommunicable diseases. | |
| 906 |
_a7 _bcbc _coclcrpl _du _encip _f19 _gy-gencatlg |
||
| 942 |
_2lcc _cBK |
||
| 999 |
_c289034 _d289034 |
||